00496nam a2200157Ia 4500001001000000003000500010008004100015010001100056040000900067100002700076245010500103260004500208300001000253440003300263650004200296Para_7078CHAP220125s1916 xx 000 0 und d a205899 cCHAP aArmsby, Henry Prentiss aThe use of energy values in the computation of rations for farm animals /c by Henry Prentiss Armsby aWashington :b Department of Agriculture a31 p. aEUA Dep. of Agri. Bull.; 459 aAlimentos y alimentación del ganado